Statistics for Hardest NFL Quiz

Click here to take the quiz!

General Stats

  • This quiz has been taken 372 times
  • The average score is 9 of 15

Answer Stats

QuestionAnswer% Correct
Which NFL team has lost four consecutive super bowlsBills
88%
How many teams have Ryan Fitzpatrick played for9
87%
What year did Jamarcus Russell get picked #12007
83%
Who was the person to fumble on the “Butt Fumble”Mark Sanchez
77%
How many different starting quarterbacks were there for the browns from 2000-202115
76%
What exact pick was Tom Brady199th
74%
Where was the colts originally located before indianapolisBaltimore
72%
Who was the first super bowl mvpBart Starr
65%
Who was the first Texans Quarterback to startDavid Carr
53%
How many touchdowns does Dick Butkus have in his career0
52%
Who has the most career sacksBruce Smith
51%
What team was Fran Tarkenton drafted toGiants
27%
Who was the only kicker to win an NFL mvpMark Moseley
25%
Who has thrown the most interceptions in a single seasonGeorge Blanda
21%
When the dolphins went 19-0, who was their starting QuarterbackEarl Morrall
15%

Score Distribution

Percentile by Number Answered

Percent of People with Each Score

Your Score History

You have not taken this quiz